Statistiques concernant Culture Générale - Série 1335

Cliquez ici pour prendre le quiz!

Statistiques générales

  • Ce quiz a été pris 38 fois
  • Le résultat moyen est 6 sur 10

Statistiques - réponses

Question Réponse % Correct
Quelle est la capitale de la provonce espagnole de Catalogne ?Barcelone
97%
Sur la plage, quelle est la couleur du drapeau qui interdit la baignade ?rouge
94%
Quel animal est l'églefin ou aiglefin ?poisson
82%
En 1931, quel pays envahit la région chinoise de la Mandchourie ?Japon
79%
Quel humoriste, prénommé Patrick, passe ses vacances à Koumac ?Patrick Timsit
59%
Dans quelle cour, nommée d'après un Empereur français, se trouve la pyramide du Louvre ?cour Napoléon
59%
Dans l'Odyssée, quel est le prénom du fils d'Ulysse et de Pénélope ?.Télémaque
41%
Dans le film "Un homme et une femme" réalisé en 1966 par Claude Lelouch, qui incarne "Anne Gauthier" ?Anouk Aimée
26%
Quelle partie de la colonne vertébrale est constituée de cinq vertèbres soudées ?sacrum
26%
Quel est le nom provençal de la palourde, homonyme d'un roi de France ?clovisse
12%

Distribution des résultats

Percentile par nombre de réponses

% des personnes avec chaque résultat

Votre développement - résultats

Vous n’avez pas pris ce quiz